| 000 | 00663nam a2200205Ia 4500 | ||
|---|---|---|---|
| 005 | 20250508170234.0 | ||
| 008 | 008 250505s9999 xx 000 0 eng d | ||
| 020 | _a978-93-91978-02-0 | ||
| 037 | _aReference | ||
| 040 |
_aFEDL _beng _cFEDL |
||
| 041 |
_aeng _2eng |
||
| 084 |
_a371.1, NIC/RR _qFEDL |
||
| 100 |
_aNicolaides Aliki Ed. _9783575 |
||
| 245 | 0 | _aPalgrave handbook of learning for transformation | |
| 260 |
_aSingapore & Switzerland _bPalgrave Macmillan _c2022 |
||
| 300 | _axlvi, 956p. | ||
| 700 |
_a Eschenbacher Saskia Ed. Buergelt Petra T and others Ed. _9783576 |
||
| 942 |
_cREF _h371.1, NIC/RR |
||
| 999 |
_c1399972 _d1399972 |
||